Thomas Shadwell /

Bibliographic Details
Main Author: Shadwell, Thomas, 1642?-1692
Other Authors: Saintsbury, George, 1845-1933
Format: Book
Language:English
Published: London : New York : T.F. Unwin; C. Scribner's Sons, [1903?]
Series:Mermaid series.

MARC

Tag First Indicator Second Indicator Subfields
LEADER 00000cam a2200000 4500
001 in00000035916
005 20181126091534.0
008 730410s1903 enkc 00010 eng u
010 |a  07022719  
035 |a (OCoLC)00599541 
035 |9 AAD7667AM 
040 |c MSC  |d TXA  |d UtOrBLW 
049 |a TXAM  |c [401891] 
050 0 0 |a PR3671.S8  |b A17 1903 
092 |a 822  |b S524s 
100 1 |a Shadwell, Thomas,  |d 1642?-1692. 
245 1 0 |a Thomas Shadwell /  |c edited, with an introduction and notes, by George Saintsbury ... 
264 1 |a London :  |b T.F. Unwin;  |a New York :  |b C. Scribner's Sons,  |c [1903?] 
300 |a xxviii, 459 pages, 1 unnumbered page including frontispiece (port.) ;  |c 19 x 11 cm. 
336 |a text  |b txt  |2 rdacontent 
337 |a unmediated  |b n  |2 rdamedia 
338 |a volume  |b nc  |2 rdacarrier 
490 1 |a The mermaid series 
500 |a Series title also at head of t.-p. 
500 |a "Thin paper edition." 
505 0 |a Introduction.--The sullen lovers.--A true widow.--The squire of Alsatia.--Bury fair. 
700 1 |a Saintsbury, George,  |d 1845-1933. 
830 0 |a Mermaid series. 
999 |a MARS 
999 f f |s 6a6f562e-a8bb-373b-b435-5d7550256a21  |i d9c6f004-a611-30f3-a241-a4dde2558d97  |t 0 
952 f f |p normal  |a Texas A&M University  |b College Station  |c Sterling C. Evans Library  |s Evans stk  |d Evans: Library Stacks  |t 0  |e PR3671.S8 A17 1903  |h Library of Congress classification  |i unmediated -- volume  |m A14801299586 
998 f f |a PR3671.S8 A17 1903  |t 0  |l Evans: Library Stacks